000 00777nam a22002177a 4500
999 _c19612
_d19612
003 AR-CdUCM
008 190518b ||||| |||| 00| 0 spa d
040 _aMUNICIPALIDAD PROVINCIAL DEL CUSCO
_cBIBLIOTECA MUNICIPAL DEL CUSCO
082 _a869.44 /
_bI91
100 _aIturri Jurado, Pablo
_941050
245 _aSombra de alas :
_ben verso y en arte /
260 _aOruro :
_bBiblioteca argos,
_c1925.
300 _a130 pƔginas ;
_bIlustraciones,
_c21 cm.
440 _aHacia el olvido ;
_941051
505 _aContenido: Las dos formas -- Primavera espiritual -- Casita vieja -- Dialogo supremo -- Superación -- Cansancio...
650 _aLiteratura boliviana
_94271
650 _aVersos
_92209
650 _aArte
_9561
942 _2ddc
_cLIBROS
945 _aacv
_d2019-05-18